000 00450nam a22001577a 4500
999 _c17654
_d17654
003 OSt
005 20221124143923.0
008 221124b ||||| |||| 00| 0 eng d
040 _c0
100 _aRamirez, Robertzon.
_946887
245 _aBOC collection fall short by P2 B due to Taal eruption /
260 _aPhilippines ;
_bThe Philippine Star,
_cFebruary 5, 2020.
300 _apage C2.
650 _aFinancial Crisis.
_946888
942 _2ddc
_cPER